000 00606nam a2200217Ia 4500
008 150520s9999 xx 000 0 und d
050 _aHF 5410
050 _b.C388 2015
100 _aCecilio, Jud Benjamin P.
245 _aOrder management system for toperio's catering /
245 _cJud Benjamin p. Cecilio.
260 _aLas PiƱas, Philippines :
260 _bSISC,
260 _c2015.
300 _a123 pages :
300 _billustrations ;
300 _c28 cm.
500 _aIncludes bibliographical references and appendices.
650 _aPurchasing
650 _xManagement System
999 _c284103
_d284103